000 00512nam a2200193Ia 4500
003 OSt
005 20250214144051.0
008 210210b1980 xxu||||| |||| 00| 0 eng d
040 _cAL
041 _aKannada
082 _aK894.3 INDP
100 _aINDIRA (M K).
_9129569
_dಇಂದಿರಾ (ಎಂ ಕೆ)
245 _aPurvapara.
_bಪೂರ್ವಾಪರ
260 _aBengaluru
_bRavindra Pustakalaya
_c1980
300 _a150
690 _aKannada Fiction
_9129570
906 _a036099
942 _2ddc
_cBK
999 _c86841
_d86841